1026 1103 1969 1767 1969 1899 1561 1016 1202 1125 1077 1141 1757 1864 1029 1763 1696 1347 1977 1304 1358 1490 1686 1589 1021 1888 1573 1300 1599 1448 1390 1686 1077 1749 1145 2000 1257 1424 1997 1831 1727 1115 1748 1630 1580 1976 1289 1055 1694 1421 1859 1343 1910 1058 1780 1924 1607 1807 1456 1701 1515 1006 1337 1171 1866 1870 1012 1840 1981 1829 1786 1267 1792 1746 1510 1283 1122 1830 1351 1490 1593 1941 1573 1527 1678 1314 1108 1856 1655 1147 1048 1190 1721 1631 1019 1289 1481 1217 1009 BCNSPRNW ULIB Ver.6.0+V

เปลี่ยนเป็นภาษาไทย

Change to English
 แสดงรายละเอียดบรรณานุกรม
  กลับหน้าหลัก

Brief Record : Get Marc (ISO 2709) : E-mail record : QR code < ปิดหน้าต่าง
LEADER : 00000nam 2200000uu 4500
001    13399127951
003     ULIB
008    211116s2020||||th 000 0 tha d
020    ^a9781975128883
060 04 ^aWO700^bW938
245 00 ^aWound care essentials :^bpractice principles /^c[editedby] Sharon Baranoski, Elizabeth A. Ayello
250    ^a5th ed.
260    ^aPhiladelphia :^bWolters Kluwer,^c2020
300    ^axiv, 708 pages ;^c23 cm
504    ^aIncludes bibliographical references and index
650  0 ^aWounds and injuries^xPatients^xCare^vHandbooks, manuals,etc.
650  0 ^aWounds and injuries^xNursing^vHandbooks, manuals, etc
650  0 ^aWound healing^vHandbooks, manuals, etc
650  2 ^aWounds and Injuries^xtherapy
650  2 ^aWound Healing
700 1  ^aBaranoski, Sharon,^eeditor
700 1  ^aAyello, Elizabeth A.,^eeditor
945    ^p2269^l0^i008539
999    ^aประนอม เกษจรัล
รายการนี้ยังไม่มีแท็ก
คุณยังไม่ได้ล็อกอิน คุณสามารถมีกิจกรรมร่วมกับเว็บไซต์ได้ แต่ต้องล็อกอินก่อน ::
  ล็อกอิน

รายการสื่อสารสนเทศ

ลำดับที่ ประเภท เลขเรียก/บาร์โค้ด สถานที่ สถานะ
1. วิทยาศาสตร์การแพทย์ และสุขภาพ
หนังสือสำรอง
สถานะ=หนังสือสำรอง
WO700 W938 ฉ.1 
  Barcode: 008539
ห้องสมุดวิทยาเขตสวรรค์ประชารักษ์
►หนังสือทั่วไป
บนชั้น

รายการใกล้เคียง
    หัวเรื่อง [Wound Healing]

BibComment


ยังไม่เคยถูกคอมเมนท์

คอมเมนท์ทรัพยากรรายการนี้
  คอมเมนท์: Wound care essen..


 Copyright 2026. Bcnsprnw @Library